Guns N' Roses - Most Popular Songs - Statistics

General Stats
  • This quiz has been taken 538 times
  • The average score is 11 of 20
Answer Stats
Song % Correct
1. Sweet Child O' Mine
96%
3. November Rain
94%
2. Welcome to the Jungle
94%
4. Paradise City
89%
8. Knockin' on Heaven's Door
75%
6. Don't Cry
72%
7. Patience
66%
10. Civil War
62%
9. Live and Let Die
62%
5. You Could Be Mine
56%
13. Estranged
53%
11. It's So Easy
50%
17. Nightrain
50%
12. Yesterdays
30%
20. Chinese Democracy
28%
16. Since I Don't Have You
28%
18. Used to Love Her
22%
19. Sympathy for the Devil
18%
15. Garden of Eden
12%
14. Ain't It Fun
11%
No matching quizzes found
Score Distribution
Percent of People with Each Score
Percentile by Number Answered
Your Score History
You have not taken this quiz